| 000 | 00557 a2200181 4500 | ||
|---|---|---|---|
| 999 |
_c7495 _d7495 |
||
| 010 | _aENG-88021 | ||
| 020 |
_c150.00 _a818360000X |
||
| 035 | _aEN-71554 | ||
| 037 | _bDBAD / PUB | ||
| 082 | 1 | 4 | _a631.584 |
| 100 | _aRajanya Jaisingh | ||
| 245 | 1 |
_aThis is organic agriculture/ _cby Rajanya Jaisingh |
|
| 260 |
_aNew Delhi _bJain Brothers _c2005 |
||
| 270 |
_a16/873, East Park Road, _bNew Delhi _e110 005 |
||
| 300 |
_a300p. _c22cm (pbk) |
||
| 500 | _aIncludes bibliographical references and index | ||
| 942 |
_adpl _cEN _2ddc _h631.584 _mJAI |
||